000 00466nam a2200181Ia 4500
003 GCL
008 140319s9999 xx 000 0 eng d
040 _aGCL /
_cGCL
082 0 4 _a745.4
_bC N
100 1 _aCOLSHESTER,CHLOE
245 1 0 _aTHE NEW TEXTILES: TRENDS TRADITIONS /
_cCOLSHESTER,CHLOE
260 _a[S.N] :
_bTHAMES AND HUDSON ،
_c1994
300 _a192P
650 0 4 _aTEXTILE DESIGN
650 0 4 _aDESIGN
650 0 4 _aTEXTILE ART
942 _2ddc
_cBK
999 _c11696
_d11696